000 00718nam a22002057a 4500
005 20100803102716.0
010 _aENG-97860
020 _a9789380400068
_c200.00
035 _aEN-81393
037 _bDBAD/PUB
082 _a510.2462
100 _aVimala,J
_94693
245 _aEngineering Mathematics-1 /
_cby J Vimala
260 _aKaraikudi
_bNitheeshpraba Pathippaham
_c(201?)
270 _a55/1,Railway-College Road
_bKaraikudi
_e630003
300 _a322p
_c19cm(pbk)
650 _aengineering mathematic
_94694
942 _2ddc
_cEN
_h510.2462
_mVIM
999 _c38835
_d38835